00890nam a22001817a 4500003000900000005001700009008004100026040001300067100002700080110002900107245016100136260002800297300004000325500011100365650005000476651005000526856013200576BR-ViAPE20260423134114.0260423s1928 por gs||||s000 0 por d cBR-ViAPE aAguiar, Aristeu Borges aEspírito SantobEstado aMensagem apresentada pelo Presidente do Estado do Espírito Santo ao Congresso Legislativo e lida na abertura da 1ª sessão ordinaria da 13ª legislatura aVitóriab[s.n.]c1928 a24 p.bDocumento digitalizado (PDF) aDocumento digitalizado do acervo institucional do Arquivo Público do Estado do Espírito Santo - APEES. aAdministração públicazEspírito Santo aEspírito SantoxAdministração pública uhttps://ape.es.gov.br/Media/ape/PDF/Mensagens/Mensagem-2024/Mensagem%20-%20ano%201928.pdfyCLIQUE AQUI PARA ACESSAR O DOCUMENTO